1688 : (Registro nro. 11344)

Detalles MARC
000 -LIDER
fixed length control field 01154nam a2200397 b 4500
001 - NÚMERO DE CONTROL
Identificador de número de control 0017953
003 - IDENTIFICACDOR DE NÚMERO DE CONTROL
control field DO-SdBNP
005 - DATE AND TIME OF LATEST TRANSACTION
control field 20221109122013.0
007 - CAMPOS FIJOS DE DESCRIPCIÓN FÍSICA
fixed length control field 0017953
008 - ELEMENTOS DE LONGITUD FIJA
fixed length control field 020712s2002 sp | ||| ||spa
016 7# - NO. DE CONTROL DE LA AGENCIA BIB. NACIONAL
Record control number
Source BPMSU
017 ## - NÚMERO DE REGISTRO DE DERECHOS DE AUTOR
Copyright or legal deposit number
Assigning agency
020 ## - ISBN
International Standard Book Number 8430604634
035 ## - NÚMERO LOCAL
System control number
040 ## - FUENTE DE CATALOGACIÓN
Agencia que crea de manera original el registro BPMSU
Idioma de catalogación spa
Agencia que realiza la transcripción BPMSU
Convenciones de la despripción
041 ## - CÓDIGOS DE OBRAS TRADUCIDAS O EN VARIOS IDIOMAS
Cód. del idioma original y/o traducciones intermedias del texto
082 #4 - NÚMERO DE CLASIFICACIÓN DECIMAL DE DEWEY
Classification number 909.6
Item number W741m 2002
Edition number 22
100 1# - ASIENTO PRINCIPAL -- NOMBRE PERSONAL
Nombre personal Wills, John E.,
Fechas asociadas con el nombre 1936-
245 10 - MENCIÓN DE TITULO
Título 1688 :
Subtítulo una historia global /
Mención de responsabilidad John E. Wills Jr. ; traducción de Isabel Salido.
Medio (Designación general de material)
246 18 - VARIACION DEL TÍTULO
Título propiamente dicho o título corto Mil seicientos ochenta y ocho :
Subtítulo una historia global
260 ## - PUBLICACIÓN, DISTRIBUCIÓN, ETC. (PIE DE IMPRENTA)
Lugar de publicación, distribución, etc Madrid :
Nombre del editor, distribuidor, etc. Taurus,
Fecha de publicación, distribución, etc 2002
300 ## - DESCRIPCIÓN FÍSICA
Extensión 436 p. :
Dimensiones 24 cm.
Otros detalles físicos il., mapas ;
490 0# - MENCIÓN DE SERIES
Mención de serie Taurus historia
500 ## - NOTA GENERAL
Nota general Incluye índice
590 ## - NOTA LOCAL
Enlace Inventario, 2022/VM
650 #4 - ENCABEZAMIENTO DE MATERIA--TEMÁTICO
Término temático o nombre geográfico como elemento de entrada HISTORIA UNIVERSAL
650 #4 - ENCABEZAMIENTO DE MATERIA--TEMÁTICO
Término temático o nombre geográfico como elemento de entrada ISLAMISMO
Subdivisión cronológica 1688
651 #4 - ENCABEZAMIENTO DE MATERIA--NOMBRE GEOGRÁFICO
Nombre geográfico Francia
Subdivisión temática general Historia
Subdivisión cronológica 1688
651 #4 - ENCABEZAMIENTO DE MATERIA--NOMBRE GEOGRÁFICO
Nombre geográfico Londres) (Ingrlaterra)
Subdivisión temática general HISTORIA
Subdivisión cronológica 1688
700 1# - ASIENTO SECUNDARIO -- NOMBRE PERSONAL
Nombre personal Salido, Isabel,
Mención de responsabilidad tr.
830 #0 - ASIENTO SECUNDARIO DE SERIE--TÍTULO UNIFORME
Título uniforme Taurus historia
910 ## - VALIDACIÓN
Validación VMateo V. /Validado
942 ## - ADDED ENTRY ELEMENTS (KOHA)
Source of classification or shelving scheme Dewey Decimal Classification
Koha item type Libros
945 ## - INFORMACIÓN DE PROCESAMIENTO LOCAL
Información de procesamiento local
956 ## - LOCAL ELECTRONIC LOCATION AND ACCESS (OCLC)
Nombre de host VMATEO
Número de acceso 10
Información de compresión 20160906
Trayectoria BPMSU
Nombre Electrónico 0069
Existencias
Withdrawn status Lost status Source of classification or shelving scheme Damaged status Not for loan Collection code Home library Current library Date acquired Source of acquisition Full call number Barcode Date last seen Price effective from Koha item type Copy number
    Dewey Decimal Classification     Colección General Biblioteca Pública Metropolitana Salomé Ureña Biblioteca Pública Metropolitana Salomé Ureña 09/06/2016 ALFAGUARA BPMSU CG 909.6 W741m 2002 BPMSU16090220 09/06/2016 09/06/2016 Libros  
    Dewey Decimal Classification     Colección General Biblioteca Pública Metropolitana Salomé Ureña Biblioteca Pública Metropolitana Salomé Ureña 09/06/2016 ALFAGUARA BPMSU CG 909.6 W741m 2002 BPMSU16090221 09/06/2016 09/06/2016 Libros e2